00491nam a2200181 a 4500001001300000003000900013005001700022008004100039020002300080082001700103100002400120245003600144260003800180300000900218500003500227650002300262700002400285nice12345678IN_TiNIC20260116014639.0071218s2008 newa grp 000 0 eng  a0275989631 c59500a303.625bMOC aMockaitis, Thomas R aNew Terrorism Myths and Reality aNew Delhi bPentagon Press c2008 a158p aincludes index and biblioraphy aTerro Rism-History1 aMockaitis, Thomas R